[Event "LSS RB-2002-0-00017"]
[Site "LSS email"]
[Date "2002.11.27"]
[Round "1"]
[White "Novoa, Ruben Fernando"]
[Black "Starace, Umberto"]
[Result "1-0"]
[WhiteElo "1886"]
[BlackElo "1908"]
[PlyCount "87"]
[EventDate "2002.11.27"]
[EventType "tourn (corr)"]
[EventRounds "6"]
[EventCountry "GER"]
[SourceTitle "Corr 2024"]
[Source "ChessBase"]
[SourceDate "2023.10.19"]
[SourceVersion "1"]
[SourceVersionDate "2023.10.19"]
[SourceQuality "1"]

1. d4 Nf6 2. c4 e5 3. dxe5 Ng4 4. Bf4 Bb4+ 5. Nd2 Nc6 6. Ngf3 Qe7 7. e3 Ngxe5 8. Nxe5 Nxe5 9. Be2 d6 10. 0-0 0-0 11. Nb3 Re8 12. a3 Bc5 13. Nxc5 dxc5 14. Qb3 b6 15. Qc3 Bb7 16. Bxe5 Qxe5 17. Qxe5 Rxe5 18. Rad1 Rae8 19. Rd7 R5e7 20. Rfd1 f5 21. g3 Kf7 22. h3 Rxd7 23. Rxd7+ Re7 24. Rxe7+ Kxe7 25. g4 Kf6 26. f3 g6 27. Kg2 h6 28. Kg3 Ke5 29. f4+ Kf6 30. Bf3 Ba6 31. b3 Bc8 32. h4 Be6 33. h5 fxg4 34. Bxg4 Bf7 35. e4 gxh5 36. e5+ Ke7 37. Bc8 b5 38. f5 bxc4 39. f6+ Ke8 40. bxc4 Bxc4 41. e6 Bd5 42. Kf4 h4 43. Bd7+ Kd8 44. Kf5 1-0